000 00333nam a2200121Ia 4500
008 220120s9999||||xx |||||||||||||| ||und||
082 _a823 MCC
100 _aMcCullers, Carson
_911949
245 4 _aThe Ballad of the sad cafe
260 _aPenguin books
_bNew York
_c1963
300 _aXVII,802p.
_b0
650 _aSIGNAL PROCESSING
_9719
999 _c137491
_d137491